|
|
|
|
| LEADER |
01122nam a2200289 a 4500 |
| 001 |
12835181 |
| 008 |
120715s2003 mau b 001 0 eng |
| 010 |
|
|
|a 2002026251
|
| 020 |
|
|
|a 0631227164 (alk. paper)
|
| 020 |
|
|
|a 0631227172 (pbk. : alk. paper)
|
| 040 |
|
|
|a DLC
|c DLC
|d DLC
|d BD-DhAAL
|
| 042 |
|
|
|a pcc
|
| 050 |
0 |
0 |
|a P40
|b .S5659 2003
|
| 082 |
0 |
0 |
|a 306.44
|2 21
|
| 245 |
0 |
0 |
|a Sociolinguistics :
|b the essential readings /
|c edited by Christina Bratt Paulston and G. Richard Tucker.
|
| 260 |
|
|
|a Malden, MA :
|b Blackwell Pub.,
|c 2003.
|
| 300 |
|
|
|a xviii, 502 p. ;
|c 26 cm.
|
| 490 |
1 |
|
|a Linguistics ;
|v 3
|
| 504 |
|
|
|a Includes bibliographical references and index.
|
| 541 |
|
|
|e 00025601
|
| 650 |
|
0 |
|a Sociolinguistics.
|
| 700 |
1 |
|
|a Paulston, Christina Bratt,
|d 1932-
|
| 700 |
1 |
|
|a Tucker, G. Richard.
|
| 830 |
|
0 |
|a Linguistics (Malden, Mass.) ;
|v 3.
|
| 852 |
1 |
|
|a Ayesha Abed Library
|c General shelf.
|
| 999 |
|
|
|c 12544
|d 12544
|
| 952 |
|
|
|0 0
|1 0
|2 ddc
|4 0
|6 306_440000000000000_SOC
|7 0
|9 20737
|a BRACUL
|b BRACUL
|c GEN
|d 2012-07-17
|e karim International
|g 5200.00
|l 8
|m 17
|o 306.44 SOC
|p 3010025601
|r 2025-10-07
|s 2025-06-29
|t 1
|w 2012-07-17
|y BK
|